Gaming Quiz

Random Gaming or Mario Quiz

Which Paper Mario Enemy? Quiz Stats

Quiz not verified by Sporcle

Challenge
Share
Tweet
Embed
Score 0/30 Timer 08:00
0 Plays Today
Hint Answer % Correct
Anti Guy???
87.5%
Jr. Troopa???
87.5%
Back Cursya???
85.4%
Crystal King???
85.4%
Underchomp???
85.4%
General Guy???
85.4%
Poison Cherbil???
83.3%
Chan???
83.3%
Flower Monty Mole???
81.3%
Bonetail???
81.3%
Bonechill???
81.3%
Wracktail???
79.2%
Yux???
79.2%
Smorg???
77.1%
BigMeow???
77.1%
Hint Answer % Correct
Ghoul Shroom???
77.1%
X-Naut PhD???
77.1%
Armored Harriers???
77.1%
Poison Pokey???
75%
Wizzerd???
75%
Dark Muth???
75%
Shadoo???
75%
Bzzap!???
72.9%
Ruff Puff???
70.8%
Bony Beetle???
70.8%
Gulpit???
68.8%
Jawbus???
68.8%
Phantom Ember???
66.7%
Swampire???
66.7%
Arantula???
64.6%

You're not logged in!

Compare scores with friends on all Sporcle quizzes.
Sign Up with Email
OR
Log In

You Might Also Like...

Show Comments

Extras

Top Quizzes Today


Score Distribution

Your Account Isn't Verified!

In order to create a playlist on Sporcle, you need to verify the email address you used during registration. Go to your Sporcle Settings to finish the process.